Construcción estatal, orden oligárquico y respuestas sociales: Argentina y Chile, 1840-1930
Saved in:
| Hovedforfatter: | |
|---|---|
| Andre forfattere: | |
| Format: | Bog |
| Sprog: | spansk |
| Udgivet: |
Buenos Aires
Prometeo
2010
|
| Udgivelse: | 1a. ed |
| Fag: | |
| Tags: |
Tilføj Tag
Ingen Tags, Vær først til at tagge denne postø!
|
MARC
| LEADER | 00000cam a2200000 a 4500 | ||
|---|---|---|---|
| 001 | UCG5213 | ||
| 003 | CL-VaPUC | ||
| 008 | 110113e20100000AG |||||||||||||||||spa|d | ||
| 020 | |a 9789875743984 | ||
| 082 | 0 | 4 | |a 907.20982 |b BOH |2 21 |
| 100 | 0 | |a Bohoslavsky, Ernesto |e author |9 554821 | |
| 700 | |a Godoy Orellana, Milton |e autor |9 597168 | ||
| 245 | 1 | 0 | |a Construcción estatal, orden oligárquico y respuestas sociales: Argentina y Chile, 1840-1930 |
| 250 | |a 1a. ed | ||
| 300 | |a 335 p | ||
| 942 | |c BK | ||
| 945 | |d 20110113 00:00:00 |a dcastane | ||
| 260 | |a Buenos Aires |b Prometeo |c 2010 | ||
| 650 | 7 | |a HISTORIA DE ARGENTINA SIGLOS 19 Y 20 |2 CL-VaPUC |9 554823 | |
| 650 | 0 | |a Historia de Chile siglos 19 y 20 |9 546545 | |
| 650 | 0 | |a Historiografía |9 257871 | |
| 650 | 0 | |a Investigación histórica |9 344844 | |
| 650 | 7 | |a FUENTES |2 CL-VaPUC |9 255666 | |
| 651 | 0 | |a Argentina |9 254888 | |
| 651 | 7 | |a CHILE |2 CL-VaPUC |9 554824 | |
| 583 | |a last modification |c 20111226 11:55:58 |k Rodrigo Vera | ||
| 999 | |c 343777 |d 343775 | ||
| 952 | |0 0 |1 0 |4 0 |6 907_209820000000000_BOH_2010 |7 0 |8 A |9 441358 |a BIBHIS |b BIBHIS |d 2019-11-22 |i 4746422 |l 3 |o 907.20982 BOH 2010 |p 4746422 |r 2025-01-20 |s 2024-07-01 |w 2019-11-22 |y BK |k HIS | ||
| 952 | |0 0 |1 0 |4 0 |6 907_209820000000000_BOH_2010 |7 0 |8 A |9 441359 |a BIBHIS |b BIBHIS |d 2019-11-22 |i 477938K |o 907.20982 BOH 2010 |p 477938K |r 2025-01-20 |w 2019-11-22 |y BK |k HIS | ||
| 952 | |0 0 |1 0 |4 0 |6 907_209820000000000_BOH_2010 |7 0 |8 A |9 441360 |a BIBHIS |b BIBHIS |d 2019-11-22 |i 4818903 |l 1 |o 907.20982 BOH 2010 |p 4818903 |r 2025-01-20 |s 2022-02-21 |w 2019-11-22 |y BK |k HIS | ||